00628 2200229 4500001002100000005001700021008004100038020001800079035002400097090002000121100002000141245007200161250001100233260003100244300002400275500002900299650001200328850001600340980001400356985000600370999002200376YOGYA-0209000004616920090227031113.0 ind  a979-21-1584-6 0010-020900000046169 a264bPra PlDEP aPRASETYA, L. Pr aProdiakon itu awam, Lho !bpanduan prodiakon parokicL. Prasetya Pr aCet. 1 aYogyakartabKanisiusc2007 a88 hlmbilusc20 cm aBibliografi : hlm. 86-88 aLihirgi aYOPDYOG (M) a28-6-2007 a1 aCB-D.11 2007-112h